| 000 | 00839nam a2200253 a 4500 | ||
|---|---|---|---|
| 001 | 25742 | ||
| 003 | CO-ViMGA | ||
| 008 | 141112s2004 ck r 000 u spa d | ||
| 020 | _a9789588366272 | ||
| 040 |
_aCO-ViMGA _bspa _cCO-ViMGA |
||
| 041 | _aSPA | ||
| 082 | 0 | 4 | _aCo860.9 G89e |
| 100 | 1 |
_aGutiérrez Girardot, Rafael, 1928 - 2005 _939729 |
|
| 245 | 1 | 0 |
_aEnsayos sobre literatura Colombiana, 1 / _cRafael Gutiérrez Girardot |
| 250 | _a2a ed. | ||
| 260 |
_aMedellín : _bUniversidad Autónoma Latinoaméricana UNAULA, _c2013 |
||
| 300 | _a295 p. | ||
| 490 | _aTierra Baldía | ||
| 500 | _aIncluye bibliografía e índice. | ||
| 650 | 1 | 4 |
_aLITERATURA COLOMBIANA - ENSAYOS, CONFERENCIAS, ETC. _939730 |
| 650 | 1 | 4 | _aLITERATURA COLOMBIANA - HISTORIA Y CRITICA |
| 650 | 1 | 4 |
_aLITERATURA COLOMBIANA - SIGLO XX _92057 |
| 942 |
_2ddc _cBK |
||
| 999 |
_c5309 _d5309 |
||